| 000 | 007580000a22002290004500 | ||
|---|---|---|---|
| 003 | LK-CoMWRAF | ||
| 005 | 20230921123449.0 | ||
| 008 | 230817t1995 ||||| |||| 00| 0 eng d | ||
| 020 | _a0333924568 | ||
| 040 |
_aLK-CoMWRAF _dLK-CoMWRAF _eLK-CoMWRAF |
||
| 041 | _aeng | ||
| 082 |
_a378.5493 _bUNI |
||
| 245 |
_aThe University System of Sri Lanka: _bvision and reality |
||
| 260 |
_aColombo: _bInternational Centre for Ethnic Studies(ICES), _c1995 |
||
| 300 |
_ax, 298 p. ; 24 cm. _bBibliography included |
||
| 490 | _aICES Sri Lanka studies series. | ||
| 650 | _aUNIVERSITIES AND COLLEGES-Sri Lanka-History | ||
| 650 | _aHigher education and state -- Sri Lanka -- History | ||
| 700 |
_aDe Silva, K. M _eed. |
||
| 700 |
_aPeiris, G. H. _eed. |
||
| 942 | _cBK | ||
| 999 |
_c288 _d288 |
||